00413nam a2200169Ia 4500003000900000008004100009040001300050040001300063041000800076100001900084245008500103250001400188260001400202260000900216300001200225490000600237IT-RoPAU120407s9999 xx 000 0 und d aIT-RoPAU cIT-RoPAU adeu aEtienne Gilson aDie Geschicnteder christlichen philosophie von ihren Anfangen bis Nikolaus Gues. aPaderborn aSchoningh c1952 c24,5 cm v3